000 00938nam a22002295i 4500
001 176088
003 ES-MaACL
005 20230906220001.0
008 101215s1957 sp |||| | spa d
080 _a616-002.77
245 0 0 _aAdenopatías y reumatismo /
_cpor Eloy López García.
260 _aMadrid :
_bServicio de Medicina Interna Hospital Militar "Gómez Ulla",
_c1957.
300 _a13 p. ;
_c17 cm.
490 1 _aCuadernos de medicina interna ;
_v34
500 _aTexto de la conferencia pronunciada en la Sala de Estudio del Hospital Militar Central "Gómez Ulla", de Madrid, perteneciente al Curso monográfico núm. 4, sobre Patología de los ganglios.
650 0 4 _aReumatismo.
_9136831
700 1 _aLópez García, Eloy.
_973660
710 2 _aHospital Militar Central "Gómez Ulla"
_9141700
830 0 _aCuadernos de medicina interna ;
_v34
_9183827
852 _aES-MaACL
_j2086-F-19
999 _c176088
_d176088